000 00948nam a2200313 a 4500
001 000020781
003 DO-SdBPM
005 20250903121731.0
007 ta
008 100817s2015 dr 000 p spa d
020 _a9789945588491
040 _aDO-SdBPM
_bspa
_cBPMSU
_erda
082 4 _aRD861.44
_bM839L 2015
_222
100 1 _aMorel, Orlando,
_d1950-
_eautor
245 1 0 _aLa otra memoria /
_cOrlando Morel.
260 _c
264 _aSanto Domingo :
_bRumbo Norte,
_c2015
300 _a71 págianas ;
_c23 cm.
336 _atexto
_btxt
_2rdacontent
337 _asin mediación
_bn
_2rdamedia
338 _avolumen
_bnc
_2rdacarrier
500 _aIncluye datos biográficos del autor en la solapa de la cubierta
590 _aInventariado, 2015/VM
650 7 _aPoesía dominicana
650 7 _aLiteratura dominicana.
650 z _aDominican literature
910 _aVMateo V. Control de calidad BPMSU
942 _2ddc
_cBK
999 _c12635
_d12635